Historical dictionary of the International Monetary Fund /

Bibliographic Details
Main Author: Tenney, Sarah, 1960-
Corporate Author: ebrary, Inc
Other Authors: Humphreys, Norman K., 1924-
Format: eBook
Language:English
Published: Lanham, Md. : Scarecrow Press, 2011.
Edition:3rd ed.
Series:Historical dictionaries of international organizations series.
Subjects:
Online Access:Connect to the full text of this electronic book

MARC

Tag First Indicator Second Indicator Subfields
LEADER 00000cam a2200000Ia 4500
001 in00002714821
006 m d
007 cr cn|||||||||
008 101203s2011 mdua ob 000 0 eng d
005 20250816213259.9
010 |z  2010049348 
020 |z 9780810867901 
020 |z 9780810875319 
035 |a (CaPaEBR)ebr10464535 
035 |a (OCoLC)716239694 
040 |a CaPaEBR  |c CaPaEBR  |d UtOrBLW 
050 1 4 |a HG3881.5.I58  |b H86 2011eb 
082 0 4 |a 332.1/52  |2 22 
100 1 |a Tenney, Sarah,  |d 1960- 
245 1 0 |a Historical dictionary of the International Monetary Fund /  |c Sarah Tenney, Norman K. Humphreys. 
250 |a 3rd ed. 
264 1 |a Lanham, Md. :  |b Scarecrow Press,  |c 2011. 
300 |a xxxix, 367 pages :  |b illustrations 
336 |a text  |b txt  |2 rdacontent 
337 |a computer  |b c  |2 rdamedia 
338 |a online resource  |b cr  |2 rdacarrier 
490 1 |a Historical dictionaries of international organizations series 
500 |a Prevised edition entered under Norman K. Humphreys. 
504 |a Includes bibliographical references. 
533 |a Electronic reproduction.  |b Palo Alto, Calif. :  |c ebrary,  |d 2011.  |n Available via World Wide Web.  |n Access may be limited to ebrary affiliated libraries. 
500 |a Electronic resource. 
610 2 0 |a International Monetary Fund  |x History  |v Dictionaries. 
610 2 0 |a International Monetary Fund  |x History. 
650 0 |a International finance  |v Dictionaries. 
655 7 |a Electronic books.  |2 local 
700 1 |a Humphreys, Norman K.,  |d 1924- 
700 1 |a Humphreys, Norman K.,  |d 1924-  |t Historical dictionary of the International Monetary Fund. 
710 2 |a ebrary, Inc. 
830 0 |a Historical dictionaries of international organizations series. 
856 4 0 |u https://ebookcentral.proquest.com/lib/tamucs/detail.action?docID=683543  |y Connect to the full text of this electronic book  |t 0 
980 |a 110908  |b 99  |c USD  |e 148.5  |f YBP_EBR0000020451  |g 1 
999 f f |s d27c7cf6-96df-3285-9885-902e0e6eee40  |i 84026ddb-0693-37a1-b8ce-0a139ab1420d  |t 0 
999 |a MARS 
952 f f |a Texas A&M University  |b College Station  |c Electronic Resources  |d Available Online  |t 0  |e HG3881.5.I58 H86 2011eb  |h Library of Congress classification 
998 f f |a HG3881.5.I58 H86 2011eb  |t 0  |l Available Online